Case studies: applying educational psychology
Guardat en:
| Autors principals: | , |
|---|---|
| Format: | Llibre |
| Idioma: | anglès |
| Publicat: |
Upper Saddle River
Prentice Hall
1998
|
| Matèries: | |
| Etiquetes: |
Afegir etiqueta
Sense etiquetes, Sigues el primer a etiquetar aquest registre!
|
MARC
| LEADER | 00000nam a2200000 a 4500 | ||
|---|---|---|---|
| 001 | UCP2895 | ||
| 003 | CL-VaPUC | ||
| 008 | 990604e19980000us |||||||||||||||||eng|d | ||
| 082 | 0 | 4 | |a 370.15 |b JAC |2 21 |
| 100 | 0 | |a Jackson, Dinah L |e author |9 429878 | |
| 700 | 0 | |a Ormrod, Jeanne Ellis |e author |9 429879 | |
| 245 | 1 | 0 | |a Case studies: applying educational psychology |
| 300 | |a 142 p | ||
| 942 | |c BK | ||
| 945 | |d 19990604 00:00:00 |a rbrito | ||
| 260 | |a Upper Saddle River |b Prentice Hall |c 1998 | ||
| 650 | 0 | |a Psicología del aprendizaje |9 306854 | |
| 650 | 0 | |a Psicología aplicada |9 270762 | |
| 583 | |a last modification |c 20171205 12:51:33 |k Rodrigo Vera | ||
| 999 | |c 281361 |d 281359 | ||
| 952 | |0 0 |1 0 |4 0 |6 370_150000000000000_JAC_1998 |7 0 |8 A |9 322074 |a BIBEDU |b BIBEDU |d 2019-11-20 |i 3528278 |o 370.15 JAC 1998 |p 3528278 |r 2019-11-20 |w 2019-11-20 |y BK |k LIT | ||